| 000 | 01573 a2200229 4500 | ||
|---|---|---|---|
| 001 | 30118 | ||
| 005 | 20260407155612.0 | ||
| 008 | 260407a2006 arg spa d | ||
| 003 | AR-UNSa-BCEJYS | ||
| 040 |
_aAR-UNSa-BCEJYS _bspa _cAR-UNSa-BCEJYS |
||
| 080 |
_a658.17 _xGastos ajenos a los de explotación, p.e., para fomento de actividades culturales, sociales o políticas (Emprendimientos sociales) |
||
| 245 | 1 | 0 |
_aGestión efectiva de emprendimientos sociales _plecciones extraídas de empresas y organizaciones de la sociedad civil en Iberoamérica |
| 020 | _a1-59782-035-0 | ||
| 264 | 1 |
_aWashington : _bBanco Interamericano de Desarrollo _c2006 |
|
| 300 |
_axi, 351 p. _c23 cm. |
||
| 505 | _a1. El emprendimiento social como marco de análisis - 2. El liderazgo de los emprendimientos sociales - 3. La estrategia en los emprendimientos sociales - 4. La cultura organizacional en los emprendimientos sociales - 5. La estructura de la organización - 6. La gestión de los recursos humanos en los emprendimientos sociales - 7. La viabilidad financiera de los emprendimientos sociales - 8. El gobierno de los emprendimientos sociales - 9. Medición de resultados en los emprendimientos sociales - 10. La generación de valor social y de valor económico - 11. Reflexiones integradoras | ||
| 041 | _aspa | ||
| 942 | _cBK | ||
| 590 | _aniveau_biblio:m niveau_hierar:0 | ||
| 100 | 1 | _aSocial Enterprise Knowledge Network | |
| 856 | 4 | 1 |
_uhttps://biblioeco.unsa.edu.ar/pmb/images/libros/Gestion efectiva de emprendimientos sociales2-l125075.jpg _yImagen de portada _qimage/jpeg |
| 999 |
_c2021 _d2021 |
||